| 000 | 00626nam a2200229Ia 4500 | ||
|---|---|---|---|
| 003 | GCL | ||
| 008 | 140319s9999 xx 000 0 ara d | ||
| 040 |
_aGCL / _cGCL |
||
| 082 | 0 | 4 |
_a889 _bب م |
| 100 | 1 | _aبيين | |
| 245 | 1 | 0 |
_aمدخل الى كافانى, كازانتراكيس ربتسوس / _cبيين |
| 700 | 1 | _aبيتر | |
| 700 | 1 | _aسعاد فركوخ | |
| 300 | _a150 | ||
| 490 |
_aكتاب _v0 |
||
| 650 | 0 | 4 | _aالادب اليونانى |
| 650 | 0 | 4 | _aالادب |
| 650 | 0 | 4 | _aالادب اليونانى الحديث |
| 650 | 0 | 4 | _aكازنتذاكى |
| 650 | 0 | 4 | _aريبتسوس |
| 942 |
_2ddc _cBK |
||
| 999 |
_c41087 _d41087 |
||